000 00966nam0a22002411 4500
001 rc\342424
005 20030307123150.2
035 _a(NLR Aleph) 005584201
090 _a6144217
_c6144217
100 _a20030307d1989 u |0rusy50 ca
101 0 _arus
102 _aRU
105 _aa |||||||||
200 1 _aРезультаты Охотоморской экспедиции на научно-исследовательском судне "Пегас" (рейс 31)
_fО.С. Корнев, Ю.Л. Неверов, В.И. Нарыжный и др.
_gАН СССР, Дальневост. отд-ние, Ин-т мор. геологии и геофизики
205 _aПрепр.
210 _aЮжно-Сахалинск
_cИМГИГ
_d1989 (1990)
215 _a40 с.
_cил.
_d21
701 1 _aКорнев
_bО. С.
_gОлег Семенович
801 0 _aRU
_bNLR
_gpsbo
801 1 _aRU
_bELAR
_2rusmarc
852 _aNLR
_j90-4/6443
942 _cBOOK
980 _aNB